Statistiques concernant Top 20 record de viewers sur Twitch [FR]

Cliquez ici pour prendre le quiz!

Statistiques générales

  • Ce quiz a été pris 1 392 fois
    (949 depuis la dernière actualisation)
  • Le résultat moyen est 10 sur 20

Statistiques - réponses

RangStreamersRecord viewers% Correct
1Squeezie1 340 960
99%
2Aminematue1 155 060
92%
6Gotaga405 271
84%
4Inoxtag436 418
78%
7Michou403 010
78%
3ZeratoR707 071
75%
16RebeuDeter155 443
67%
5Kamet0419 458
64%
9Doigby297 748
63%
12Domingo204 966
58%
8LeBouseuh315 018
35%
10JLTomy261 719
33%
20Ponce102 442
32%
11Etoiles242 237
31%
14Joueur_du_Grenier181 902
28%
17Sardoche146 958
25%
13MaximeBiaggi187 871
24%
19Jirayalecochon126 149
16%
18Lestream145 205
15%
15MoMaN162 696
9%

Distribution des résultats

Percentile par nombre de réponses

% des personnes avec chaque résultat

Votre développement - résultats

Vous n’avez pas pris ce quiz depuis la dernière actualisation